[Event "Oberliga Wuerttemberg 1011"]
[Site "Wuerttemberg"]
[Date "2010.11.28"]
[Round "4"]
[White "Koppenhoefer, Bernhard"]
[Black "Sokratov, Stanislav"]
[Result "0-1"]
[WhiteElo "2127"]
[BlackElo "2182"]
[PlyCount "72"]
[EventDate "2010.09.26"]
[EventType "team-tourn"]
[EventRounds "9"]
[EventCountry "GER"]
[SourceTitle "EXT 2019"]
[Source "ChessBase"]
[SourceDate "2018.10.10"]
[SourceVersion "1"]
[SourceVersionDate "2018.10.10"]
[SourceQuality "1"]
[WhiteTeam "Tuebingen"]
[BlackTeam "Biberach"]
[WhiteTeamCountry "GER"]
[BlackTeamCountry "GER"]

1. e3 Nf6 2. c4 b6 3. Nf3 Bb7 4. d4 e6 5. a3 d5 6. cxd5 exd5 7. Bb5+ c6 8. Bd3 Bd6 9. Nc3 0-0 10. 0-0 Qe7 11. Qc2 Re8 12. Re1 Ne4 13. Re2 Nd7 14. Nd2 f5 15. f3 Ndf6 16. Nf1 Nxc3 17. Qxc3 g6 18. b4 a5 19. bxa5 Rxa5 20. Qb3 Ba6 21. a4 Bxd3 22. Qxd3 Rea8 23. Qb3 b5 24. Rea2 Qa7 25. Qc2 Qa6 26. Nd2 Rxa4 27. Rxa4 bxa4 28. e4 fxe4 29. fxe4 Qe2 30. Qxc6 Qe3+ 31. Kf1 Rf8 32. Nf3 Qd3+ 33. Ke1 dxe4 34. Rxa4 exf3 35. Qxf3 Re8+ 36. Kf2 Qc2+ 0-1

[Event "Oberliga Wuerttemberg 1011"]
[Site "Wuerttemberg"]
[Date "2010.10.17"]
[Round "2"]
[White "Koppenhoefer, Bernhard"]
[Black "Rempeli, Alexander"]
[Result "1-0"]
[WhiteElo "2127"]
[BlackElo "1860"]
[PlyCount "111"]
[EventDate "2010.09.26"]
[EventType "team-tourn"]
[EventRounds "9"]
[EventCountry "GER"]
[SourceTitle "EXT 2019"]
[Source "ChessBase"]
[SourceDate "2018.10.10"]
[SourceVersion "1"]
[SourceVersionDate "2018.10.10"]
[SourceQuality "1"]
[WhiteTeam "Tuebingen"]
[BlackTeam "Deizisau"]
[WhiteTeamCountry "GER"]
[BlackTeamCountry "GER"]

1. e3 Nf6 2. c4 g6 3. b3 Bg7 4. Bb2 0-0 5. Nf3 c5 6. Be2 Nc6 7. 0-0 b6 8. d4 cxd4 9. Nxd4 Nxd4 10. Bxd4 Bb7 11. Nd2 d5 12. Rc1 Rc8 13. c5 bxc5 14. Bxc5 a6 15. b4 Re8 16. Qa4 e5 17. Nb3 Re6 18. Qa5 Ne4 19. Qxd8+ Rxd8 20. Rfd1 Bc8 21. Ba7 Bf8 22. Nc5 Nxc5 23. bxc5 Rc6 24. Bb6 Rd7 25. a4 f5 26. a5 Bb7 27. Bc4 Rc8 28. Bb3 Bc6 29. f3 Kf7 30. e4 Ke6 31. Kf1 Bh6 32. exd5+ Bxd5 33. Rxd5 Bxc1 34. Rd1+ Ke7 35. Rxc1 e4 36. c6 Rd3 37. Ba4 exf3 38. gxf3 Rxf3+ 39. Kg2 Rf4 40. Bb3 Rg4+ 41. Kf3 Rh4 42. Bf2 Rh3+ 43. Bg3 g5 44. Kg2 Rh6 45. Re1+ Kf8 46. Bd5 f4 47. Bf2 Rhxc6 48. Bxc6 Rxc6 49. Re5 h6 50. h4 Rg6 51. Bc5+ Kf7 52. Re7+ Kg8 53. h5 Rf6 54. Kf3 Rf5 55. Rc7 Re5 56. Rc6 1-0

[Event "Oberliga Wuerttemberg 0910"]
[Site "Wuerttemberg"]
[Date "2010.01.31"]
[Round "6.5"]
[White "Koppenhoefer, Bernhard"]
[Black "Pieper, Thomas"]
[Result "0-1"]
[WhiteElo "2019"]
[BlackElo "2160"]
[PlyCount "102"]
[EventDate "2009.10.11"]
[EventType "team-tourn"]
[EventRounds "9"]
[EventCountry "GER"]
[SourceTitle "EXT 2019"]
[Source "ChessBase"]
[SourceDate "2018.10.10"]
[SourceVersion "1"]
[SourceVersionDate "2018.10.10"]
[SourceQuality "1"]
[WhiteTeam "Tuebingen"]
[BlackTeam "Ulm Post"]
[WhiteTeamCountry "GER"]
[BlackTeamCountry "GER"]

1. c4 Nf6 2. g3 g6 3. Bg2 Bg7 4. Nc3 d6 5. e4 c5 6. Nge2 Nc6 7. d3 0-0 8. 0-0 Rb8 9. Rb1 a6 10. a3 Ne8 11. b4 Nc7 12. Be3 Ne6 13. Nd5 Ned4 14. bxc5 dxc5 15. Nb6 Nxe2+ 16. Qxe2 Nd4 17. Qd2 Be5 18. f4 Bc7 19. Nd5 Ba5 20. Qf2 e6 21. Nb4 Bd7 22. Nc2 Nxc2 23. Qxc2 Qe7 24. f5 Bc6 25. f6 Qd6 26. Qf2 Rfd8 27. Bxc5 Qxd3 28. Rbd1 Qxc4 29. Rxd8+ Rxd8 30. Qe3 Rd3 31. Rc1 Rxe3 32. Rxc4 Rc3 33. Rxc3 Bxc3 34. Be7 g5 35. Kf2 h6 36. Ke3 Be5 37. Bh3 b5 38. Kd3 h5 39. Bf1 Kh7 40. Ke2 g4 41. Ke3 Kg6 42. Bd3 Kg5 43. Ke2 Bd4 44. Bc2 h4 45. gxh4+ Kxh4 46. Bd6 Bxf6 47. Bg3+ Kh5 48. Bd6 Bg5 49. Kf2 Bd2 50. Kg3 Kg5 51. e5 Be1# 0-1

[Event "Budapest FS07 IM-B"]
[Site "Budapest"]
[Date "2009.07.09"]
[Round "6"]
[White "Koppenhoefer, Bernhard"]
[Black "Petran, Pal"]
[Result "0-1"]
[WhiteElo "2160"]
[BlackElo "2369"]
[PlyCount "138"]
[EventDate "2009.07.04"]
[EventType "tourn"]
[EventRounds "11"]
[EventCountry "HUN"]
[EventCategory "1"]
[SourceTitle "CBM 131 Extra"]
[Source "ChessBase"]
[SourceDate "2009.09.03"]
[SourceVersion "2"]
[SourceVersionDate "2009.09.16"]
[SourceQuality "1"]

1. d4 Nf6 2. Nf3 e6 3. c4 b6 4. a3 Ba6 5. Qc2 Bb7 6. Nc3 c5 7. dxc5 bxc5 8. e4 d6 9. Bf4 e5 10. Bg5 Be7 11. b4 cxb4 12. axb4 0-0 13. Bd3 Nc6 14. Ra4 a5 15. bxa5 Rxa5 16. 0-0 Rxa4 17. Qxa4 Qa5 18. Qxa5 Nxa5 19. Rb1 Ba6 20. Nb5 Nb7 21. Be3 Nd7 22. Nc7 Nbc5 23. Nxa6 Nxa6 24. Rb7 Rd8 25. Bc2 Kf8 26. Nd2 Nac5 27. Ra7 h6 28. Kf1 Bg5 29. Bxg5 hxg5 30. Ba4 Nxa4 31. Rxa4 Rb8 32. Ra2 Nc5 33. Ke2 g6 34. Ke3 Ke7 35. g3 Rh8 36. Nb1 Rxh2 37. Nc3 Rh1 38. Kf3 Rc1 39. Nd5+ Kf8 40. Ne3 Rb1 41. Ra8+ Kg7 42. Rd8 Rb6 43. Nd5 Ra6 44. Ne7 Ra3+ 45. Kg2 Ra7 46. Nc8 Ra8 47. Re8 Nxe4 48. Nxd6 Rxe8 49. Nxe8+ Kf8 50. Nc7 Ke7 51. Na6 Kd6 52. f3 Nd2 53. c5+ Kc6 54. Kf2 Nb3 55. Nb8+ Kxc5 56. Nd7+ Kd6 57. Nf6 Ke7 58. Ne4 f6 59. g4 Nd4 60. Nc3 f5 61. Ke3 Ke6 62. Na4 Kd6 63. Nb6 Nc6 64. Kd3 Ne7 65. Kc4 Kc6 66. Na4 Nd5 67. Nc5 Ne3+ 68. Kb4 Nc2+ 69. Kc4 Ne1 0-1

[Event "Budapest FS04 IM-B"]
[Site "Budapest"]
[Date "2009.04.13"]
[Round "10"]
[White "Parkanyi, Attila"]
[Black "Koppenhoefer, Bernhard"]
[Result "1/2-1/2"]
[WhiteElo "2315"]
[BlackElo "2151"]
[PlyCount "97"]
[EventDate "2009.04.04"]
[EventType "tourn"]
[EventRounds "10"]
[EventCountry "HUN"]
[SourceTitle "CBM 129 Extra"]
[Source "ChessBase"]
[SourceDate "2009.05.05"]
[SourceVersion "2"]
[SourceVersionDate "2009.05.20"]
[SourceQuality "1"]

1. e4 c5 2. Nc3 Nc6 3. g3 g6 4. Bg2 Bg7 5. d3 d6 6. Be3 Nd4 7. Qd2 e5 8. Nd1 Nf6 9. c3 Nc6 10. Bh6 Bxh6 11. Qxh6 Be6 12. Nf3 Ng4 13. Qd2 h6 14. 0-0 f5 15. Nh4 Qg5 16. f4 exf4 17. Nf3 Qh5 18. gxf4 fxe4 19. dxe4 0-0-0 20. Ne3 Rhe8 21. Nxg4 Bxg4 22. Rae1 Bh3 23. Bxh3+ Qxh3 24. Qg2 Qe6 25. b3 d5 26. exd5 Qxd5 27. c4 Qh5 28. Kh1 Rxe1 29. Rxe1 Rd3 30. Ng1 Kc7 31. Re6 g5 32. fxg5 hxg5 33. h3 Rd4 34. Nf3 Rd1+ 35. Kh2 Qf7 36. Re4 Qd7 37. Qxg5 Qd3 38. Re3 Qb1 39. Re2 Rh1+ 40. Kg3 Qf1 41. Rg2 Qd3 42. Qxc5 Rf1 43. Qd5 Nd4 44. Qe5+ Kc8 45. Qe8+ Kc7 46. Qe7+ Kc8 47. Qf8+ Kc7 48. Qf7+ Kc8 49. Qf8+ 1/2-1/2

[Event "Budapest FS04 IM-B"]
[Site "Budapest"]
[Date "2009.04.06"]
[Round "3"]
[White "Cox, Tristan"]
[Black "Koppenhoefer, Bernhard"]
[Result "0-1"]
[WhiteElo "2090"]
[BlackElo "2151"]
[PlyCount "84"]
[EventDate "2009.04.04"]
[EventType "tourn"]
[EventRounds "10"]
[EventCountry "HUN"]
[SourceTitle "CBM 129 Extra"]
[Source "ChessBase"]
[SourceDate "2009.05.05"]
[SourceVersion "2"]
[SourceVersionDate "2009.05.20"]
[SourceQuality "1"]

1. d4 e6 2. e4 c5 3. d5 Nf6 4. Nc3 exd5 5. Nxd5 d6 6. Bg5 Be7 7. Bxf6 Bxf6 8. c3 0-0 9. Nf3 Re8 10. Nd2 Be6 11. Bc4 Nc6 12. 0-0 a6 13. a4 Rb8 14. a5 Bxd5 15. Bxd5 Nxa5 16. Qa4 Nc6 17. Bxc6 bxc6 18. Qxc6 Rxb2 19. Nc4 Rb3 20. Rxa6 Bxc3 21. Qd5 Rb8 22. Rxd6 Qe7 23. e5 Bxe5 24. Rd7 Qf6 25. Qxc5 Rbc8 26. Qd5 Bxh2+ 27. Kh1 Bg3 28. Kg1 Re1 29. Qd2 Bh2+ 30. Kxh2 Rxf1 31. Kg3 Qg6+ 32. Kf3 Qf5+ 33. Kg3 h5 34. Ne3 Qg5+ 35. Kf3 Qf6+ 36. Kg3 Rxf2 37. Qd3 Qf4+ 38. Kh3 Re8 39. Rd8 Rxd8 40. Qxd8+ Kh7 41. Qd3+ g6 42. Qc3 Re2 0-1

[Event "Budapest FS04 IM-B"]
[Site "Budapest"]
[Date "2009.04.05"]
[Round "2"]
[White "Koppenhoefer, Bernhard"]
[Black "Lyell, Mark"]
[Result "1-0"]
[WhiteElo "2151"]
[BlackElo "2300"]
[PlyCount "85"]
[EventDate "2009.04.04"]
[EventType "tourn"]
[EventRounds "10"]
[EventCountry "HUN"]
[SourceTitle "CBM 129 Extra"]
[Source "ChessBase"]
[SourceDate "2009.05.05"]
[SourceVersion "2"]
[SourceVersionDate "2009.05.20"]
[SourceQuality "1"]

1. c4 Nc6 2. Nc3 e5 3. g3 f5 4. Bg2 Nf6 5. d3 Bb4 6. Bd2 0-0 7. a3 Bxc3 8. Bxc3 Qe8 9. Nf3 d6 10. b4 e4 11. Nd4 f4 12. gxf4 e3 13. fxe3 Ng4 14. Bd5+ Kh8 15. Nc2 Ne7 16. Bf3 Qh5 17. Kd2 Qh6 18. Bxg4 Bxg4 19. Rg1 Qh5 20. Qf1 Ng6 21. h3 Qxh3 22. Qxh3 Bxh3 23. Rxg6 hxg6 24. Rh1 Kg8 25. Rxh3 Rf5 26. Rg3 Kf7 27. Nd4 Rh5 28. Nf3 Rd8 29. e4 Rh1 30. f5 Rh6 31. Ng5+ Kg8 32. Ne6 Rd7 33. Nxg7 Kf7 34. fxg6+ Rxg6 35. Rf3+ Kg8 36. Nh5 Rf7 37. Nf4 Rg4 38. Ke3 c6 39. Ne6 Re7 40. Rf8+ Kh7 41. Rh8+ Kg6 42. Rg8+ Kh5 43. Nf4+ 1-0

[Event "Budapest FS04 IM-B"]
[Site "Budapest"]
[Date "2009.04.04"]
[Round "1"]
[White "Szalanczy, Emil"]
[Black "Koppenhoefer, Bernhard"]
[Result "1-0"]
[WhiteElo "2295"]
[BlackElo "2151"]
[PlyCount "28"]
[EventDate "2009.04.04"]
[EventType "tourn"]
[EventRounds "10"]
[EventCountry "HUN"]
[SourceTitle "CBM 129 Extra"]
[Source "ChessBase"]
[SourceDate "2009.05.05"]
[SourceVersion "2"]
[SourceVersionDate "2009.05.20"]
[SourceQuality "1"]

1. e4 c5 2. Nf3 e6 3. d4 cxd4 4. Nxd4 Bc5 5. Nb3 Bb6 6. Nc3 Ne7 7. Bg5 Nbc6 8. Bd3 0-0 9. Qh5 f6 10. Be3 g6 11. Qe2 Ne5 12. 0-0-0 a6 13. h4 Qc7 14. Kb1 d6 1-0

[Event "Boeblingen op 25th"]
[Site "Boeblingen"]
[Date "2008.12.27"]
[Round "4"]
[White "Koppenhoefer, Bernhard"]
[Black "Boehm, Martin"]
[Result "1/2-1/2"]
[WhiteElo "2145"]
[BlackElo "2281"]
[PlyCount "37"]
[EventDate "2008.12.26"]
[EventType "swiss"]
[EventRounds "9"]
[EventCountry "GER"]
[SourceTitle "CBM 128 Extra"]
[Source "ChessBase"]
[SourceDate "2009.03.05"]
[SourceVersion "2"]
[SourceVersionDate "2009.03.25"]
[SourceQuality "1"]

1. e3 Nf6 2. c4 e5 3. Nc3 Bb4 4. Nge2 c6 5. Qb3 Na6 6. d4 d6 7. Bd2 0-0 8. a3 Ba5 9. Qc2 Re8 10. b4 Bc7 11. dxe5 Rxe5 12. Nd4 Nb8 13. Be2 d5 14. cxd5 Nxd5 15. Nxd5 Qxd5 16. Nf3 Re8 17. Rd1 Bf5 18. Qc4 Qxc4 19. Bxc4 1/2-1/2

[Event "Oberliga Wuerttemberg 0708"]
[Site "Wuerttemberg"]
[Date "2008.04.06"]
[Round "8.8"]
[White "Koppenhoefer, Bernhard"]
[Black "Janata, Andreas"]
[Result "1-0"]
[WhiteElo "2121"]
[BlackElo "1979"]
[PlyCount "81"]
[EventDate "2007.10.07"]
[EventType "team-tourn"]
[EventRounds "9"]
[EventCountry "GER"]
[SourceTitle "EXT 2018"]
[Source "ChessBase"]
[SourceDate "2017.10.13"]
[SourceVersion "1"]
[SourceVersionDate "2017.10.13"]
[SourceQuality "1"]
[WhiteTeam "Tuebingen"]
[BlackTeam "Rommelshausen"]
[WhiteTeamCountry "GER"]
[BlackTeamCountry "GER"]

1. e3 c5 2. c4 Nc6 3. Nf3 e5 4. Nc3 Nge7 5. d4 exd4 6. exd4 cxd4 7. Nb5 Nf5 8. Qe2+ Be7 9. g4 a6 10. gxf5 axb5 11. cxb5 d3 12. Qxd3 Bb4+ 13. Kd1 Ne7 14. Rg1 d6 15. Rxg7 Nxf5 16. Rg5 Ne7 17. Be3 Be6 18. Nd4 Rxa2 19. Rxa2 Bxa2 20. b3 Qc7 21. Bg2 Qc3 22. Qxc3 Bxc3 23. Kc2 Bxd4 24. Bxd4 Rf8 25. Bxb7 Kd7 26. Kb2 Bxb3 27. Kxb3 Rb8 28. Ba6 Nc6 29. Kc4 Nxd4 30. Kxd4 Re8 31. Rg7 Re2 32. Rxf7+ Ke6 33. Rf3 Rd2+ 34. Ke3 Ra2 35. Kf4 d5 36. Bb7 Ra4+ 37. Kg5 d4 38. Rf6+ Ke5 39. Rf5+ Kd6 40. Rd5+ Ke6 41. f4 1-0

[Event "Boeblingen op 24th"]
[Site "Boeblingen"]
[Date "2007.12.29"]
[Round "6"]
[White "Koppenhoefer, Bernhard"]
[Black "Hitzler, Philipp"]
[Result "0-1"]
[WhiteElo "2141"]
[BlackElo "2278"]
[PlyCount "70"]
[EventDate "2007.12.26"]
[EventType "swiss"]
[EventRounds "9"]
[EventCountry "GER"]
[SourceTitle "CBM 122 Extra"]
[Source "ChessBase"]
[SourceDate "2008.03.04"]
[SourceVersion "1"]
[SourceVersionDate "2008.03.04"]
[SourceQuality "1"]

1. e3 d5 2. c4 c6 3. Nf3 Nf6 4. Nc3 a6 5. b3 Bg4 6. Be2 e6 7. Bb2 Nbd7 8. cxd5 exd5 9. h3 Bh5 10. Nd4 Bxe2 11. Qxe2 Bc5 12. Nf5 g6 13. Nh6 Bf8 14. Ng4 Bg7 15. Nxf6+ Bxf6 16. 0-0 0-0 17. Rab1 Qe7 18. Rfc1 Rae8 19. Na4 Bxb2 20. Rxb2 f5 21. Rbc2 f4 22. Nc5 f3 23. Qf1 fxg2 24. Qxg2 Rf5 25. f4 Nxc5 26. Rxc5 Kh8 27. Kh2 g5 28. Qg4 Ref8 29. R5c3 gxf4 30. Rf1 Qe5 31. d4 Qf6 32. a4 Rg8 33. Qe2 f3 34. Qd3 Rg2+ 35. Kh1 Qd6 0-1

[Event "Oberliga Wuerttemberg 0708"]
[Site "Wuerttemberg"]
[Date "2007.12.09"]
[Round "4.8"]
[White "Koppenhoefer, Bernhard"]
[Black "Haecker, Johannes"]
[Result "0-1"]
[WhiteElo "2121"]
[BlackElo "2140"]
[PlyCount "26"]
[EventDate "2007.10.07"]
[EventType "team-tourn"]
[EventRounds "9"]
[EventCountry "GER"]
[SourceTitle "EXT 2018"]
[Source "ChessBase"]
[SourceDate "2017.10.13"]
[SourceVersion "1"]
[SourceVersionDate "2017.10.13"]
[SourceQuality "1"]
[WhiteTeam "Tuebingen"]
[BlackTeam "Wolfbusch"]
[WhiteTeamCountry "GER"]
[BlackTeamCountry "GER"]

1. d4 d5 2. c4 c6 3. Nf3 Nf6 4. Nc3 e6 5. cxd5 exd5 6. Qc2 Bd6 7. Bg5 Nbd7 8. e3 0-0 9. Bd3 Qc7 10. 0-0 h6 11. Bh4 Ng4 12. h3 Nh2 13. Ne5 Nxf1 0-1

[Event "Oberliga Wuerttemberg 0708"]
[Site "Wuerttemberg"]
[Date "2007.10.07"]
[Round "1.8"]
[White "Koppenhoefer, Bernhard"]
[Black "Mueller, Arnd"]
[Result "1-0"]
[WhiteElo "2121"]
[BlackElo "2151"]
[PlyCount "77"]
[EventDate "2007.10.07"]
[EventType "team-tourn"]
[EventRounds "9"]
[EventCountry "GER"]
[SourceTitle "EXT 2018"]
[Source "ChessBase"]
[SourceDate "2017.10.13"]
[SourceVersion "1"]
[SourceVersionDate "2017.10.13"]
[SourceQuality "1"]
[WhiteTeam "Tuebingen"]
[BlackTeam "Schwaebisch Gmuend"]
[WhiteTeamCountry "GER"]
[BlackTeamCountry "GER"]

1. d4 e6 2. Nf3 f5 3. g3 Nf6 4. Bg2 d5 5. 0-0 Bd6 6. c4 c6 7. b3 Qe7 8. a4 a5 9. Ba3 Na6 10. Ne5 0-0 11. Bxd6 Qxd6 12. c5 Qe7 13. Nd2 Bd7 14. Ndf3 Nb4 15. Nd3 Nxd3 16. Qxd3 Kh8 17. Ne5 Rg8 18. f3 Rgd8 19. Qd2 Rdb8 20. e4 b6 21. exf5 exf5 22. Rfe1 Qf8 23. Nd3 b5 24. axb5 Rxb5 25. Ra3 Qb8 26. Rb1 Kg8 27. Bf1 h6 28. Nc1 Rb4 29. Na2 Rb7 30. Nc3 f4 31. Qxf4 Qxf4 32. gxf4 Nh5 33. b4 Rab8 34. b5 cxb5 35. Rxa5 b4 36. Nxd5 Bf5 37. Rb2 b3 38. c6 Rf7 39. Ne3 1-0

[Event "Oberliga Wuerttemberg 0203"]
[Site "Wuerttemberg"]
[Date "2003.04.10"]
[Round "8"]
[White "Remmler, Hans Peter"]
[Black "Koppenhoefer, Bernhard"]
[Result "0-1"]
[WhiteElo "2158"]
[BlackElo "2008"]
[PlyCount "80"]
[EventDate "2002.10.13"]
[EventType "team-tourn"]
[EventRounds "9"]
[EventCountry "GER"]
[SourceTitle "EXT 2019"]
[Source "ChessBase"]
[SourceDate "2018.10.10"]
[SourceVersion "1"]
[SourceVersionDate "2018.10.10"]
[SourceQuality "1"]
[WhiteTeam "Boeblingen"]
[BlackTeam "Tuebingen"]
[WhiteTeamCountry "GER"]
[BlackTeamCountry "GER"]

1. d4 Nf6 2. c4 g6 3. Nc3 d5 4. Bf4 Bg7 5. Rc1 0-0 6. e3 c5 7. dxc5 Qa5 8. Qa4 Qxc5 9. b4 Qc6 10. c5 Ne4 11. Qxc6 Bxc3+ 12. Rxc3 Nxc6 13. Rb3 e5 14. Bh6 Re8 15. Bd3 b6 16. b5 Na5 17. Bxe4 dxe4 18. Rc3 Be6 19. Ne2 Bxa2 20. Ng3 f5 21. 0-0 Bc4 22. Rb1 Bd3 23. Rb4 bxc5 24. Ra4 Nb7 25. Rca3 Nd6 26. Rxa7 Rxa7 27. Rxa7 Nf7 28. b6 Bb5 29. Ra5 Bc6 30. Rxc5 Bb7 31. Rc7 Rb8 32. Ne2 Nxh6 33. Nc3 Nf7 34. Na4 Rc8 35. f3 Rxc7 36. bxc7 exf3 37. Nb6 Nd6 38. gxf3 Nc8 39. Nd7 Bxf3 40. Nxe5 Bd5 0-1

[Event "Oberliga Wuerttemberg 0203"]
[Site "Wuerttemberg"]
[Date "2003.03.22"]
[Round "7"]
[White "Zimber, Armin"]
[Black "Koppenhoefer, Bernhard"]
[Result "1-0"]
[WhiteElo "2000"]
[BlackElo "2008"]
[PlyCount "77"]
[EventDate "2002.10.13"]
[EventType "team-tourn"]
[EventRounds "9"]
[EventCountry "GER"]
[SourceTitle "EXT 2019"]
[Source "ChessBase"]
[SourceDate "2018.10.10"]
[SourceVersion "1"]
[SourceVersionDate "2018.10.10"]
[SourceQuality "1"]
[WhiteTeam "Ditzingen"]
[BlackTeam "Tuebingen"]
[WhiteTeamCountry "GER"]
[BlackTeamCountry "GER"]

1. c4 Nf6 2. Nc3 d5 3. cxd5 Nxd5 4. g3 g6 5. Bg2 Nxc3 6. bxc3 Bg7 7. Rb1 0-0 8. Rxb7 Bxb7 9. Bxb7 Nd7 10. Bxa8 Qxa8 11. Nf3 Ne5 12. 0-0 Nxf3+ 13. exf3 Qd5 14. Qa4 Qxf3 15. Qxa7 Be5 16. Qe3 Qd5 17. Ba3 Ra8 18. Bxe7 Rxa2 19. Re1 Bd6 20. Bg5 Bf8 21. Bf4 c5 22. Qe4 Qd7 23. Qe8 Rxd2 24. Bh6 Qd6 25. Bxd2 Qxd2 26. Qe3 Bh6 27. Qxd2 Bxd2 28. Re8+ Kg7 29. c4 Bc3 30. Kf1 h5 31. f3 Kf6 32. Ke2 Bd4 33. Re4 Bg1 34. h3 Kg5 35. f4+ Kf5 36. Kf3 Kf6 37. Re5 Bd4 38. Rd5 Bg1 39. Rd1 1-0

[Event "Stuttgart-chA"]
[Site "Stuttgart"]
[Date "2003.??.??"]
[Round "?"]
[White "Koppenhoefer, Bernhard"]
[Black "Gheng, Josef"]
[Result "1-0"]
[WhiteElo "2140"]
[BlackElo "2335"]
[PlyCount "163"]
[EventDate "2003.??.??"]
[EventType "swiss"]
[EventRounds "9"]
[EventCountry "GER"]
[SourceTitle "EXT 2007"]
[Source "ChessBase"]
[SourceDate "2006.11.23"]
[SourceVersion "1"]
[SourceVersionDate "2006.11.23"]
[SourceQuality "1"]

1. d4 d5 2. c4 e5 3. cxd5 Qxd5 4. Nc3 Qxd4 5. Qxd4 exd4 6. Nb5 Na6 7. Nxd4 Bb4+ 8. Bd2 Bxd2+ 9. Kxd2 Nf6 10. e3 Nc5 11. f3 c6 12. Bc4 0-0 13. b4 Na4 14. Nge2 Rd8 15. Bb3 Nb6 16. e4 Be6 17. Bxe6 fxe6 18. Ke3 e5 19. Ne6 Rd6 20. Nc5 Nc4+ 21. Kf2 b6 22. Nb3 Rf8 23. Ng3 Ng4+ 24. Ke2 Nge3 25. Rhc1 b5 26. Kf2 Rfd8 27. Nf1 Nd1+ 28. Ke2 Ndb2 29. Nc5 Rd2+ 30. Nxd2 Rxd2+ 31. Kf1 Ne3+ 32. Kg1 Nbd1 33. Rxd1 Nxd1 34. Nb3 Rd3 35. Na5 Ne3 36. Nxc6 Rd2 37. g3 Nc4 38. Nxa7 Rb2 39. a3 Nd2 40. Nxb5 Nxf3+ 41. Kf1 Rxh2 42. Rd1 Nd2+ 43. Kg1 Nf3+ 44. Kf1 Ra2 45. Rd3 Nd2+ 46. Ke1 Nxe4 47. Re3 Ng5 48. Nd6 e4 49. Kd1 h5 50. b5 Nf3 51. Kc1 Nd4 52. Kb1 Rd2 53. b6 Nc6 54. Nxe4 Rd5 55. Rb3 Kf7 56. b7 Nb8 57. Kc2 Ke7 58. Rb6 Re5 59. Kd3 Ra5 60. Rb3 g5 61. Kd4 h4 62. gxh4 gxh4 63. Nc5 Kd6 64. Rb6+ Kc7 65. Rh6 Rxa3 66. Rh8 Na6 67. Rc8+ Kb6 68. Ra8 Kc7 69. b8Q+ Nxb8 70. Rxa3 Nc6+ 71. Ke4 Kd6 72. Nb7+ Kc7 73. Na5 Nb4 74. Rb3 Na6 75. Rb7+ Kc8 76. Rh7 h3 77. Rxh3 Kc7 78. Rh6 Nc5+ 79. Kd5 Nd7 80. Rh7 Kd8 81. Kd6 Nf8 82. Nc6+ 1-0

[Event "Stuttgart-chA"]
[Site "Stuttgart"]
[Date "2003.??.??"]
[Round "?"]
[White "Koppenhoefer, Bernhard"]
[Black "Wagener, Claude"]
[Result "1/2-1/2"]
[WhiteElo "2140"]
[BlackElo "2220"]
[PlyCount "26"]
[EventDate "2003.??.??"]
[EventType "swiss"]
[EventRounds "9"]
[EventCountry "GER"]
[SourceTitle "EXT 2007"]
[Source "ChessBase"]
[SourceDate "2006.11.23"]
[SourceVersion "1"]
[SourceVersionDate "2006.11.23"]
[SourceQuality "1"]

1. d4 Nf6 2. Bg5 e6 3. Nf3 c5 4. c3 b6 5. e3 Bb7 6. Nbd2 Be7 7. Bd3 d6 8. Qe2 h6 9. Bh4 Nc6 10. h3 a6 11. a4 Nh5 12. Bxe7 Qxe7 13. Nc4 Qc7 1/2-1/2

[Event "Oberliga Wuerttemberg 0203"]
[Site "Wuerttemberg"]
[Date "2002.12.16"]
[Round "4"]
[White "Koppenhoefer, Bernhard"]
[Black "Weisenburger, Horst"]
[Result "1/2-1/2"]
[WhiteElo "2008"]
[BlackElo "2003"]
[PlyCount "33"]
[EventDate "2002.10.13"]
[EventType "team-tourn"]
[EventRounds "9"]
[EventCountry "GER"]
[SourceTitle "EXT 2019"]
[Source "ChessBase"]
[SourceDate "2018.10.10"]
[SourceVersion "1"]
[SourceVersionDate "2018.10.10"]
[SourceQuality "1"]
[WhiteTeam "Tuebingen"]
[BlackTeam "Sindelfingen"]
[WhiteTeamCountry "GER"]
[BlackTeamCountry "GER"]

1. d4 f5 2. Nf3 g6 3. g3 Bg7 4. Bg2 Nf6 5. 0-0 0-0 6. c4 d6 7. Nc3 Qe8 8. Qb3 Kh8 9. Nd5 Na6 10. Nxf6 Rxf6 11. Bg5 Rf7 12. Bf4 h6 13. h4 Kh7 14. Be3 e5 15. dxe5 dxe5 16. Rad1 c6 17. Rfe1 1/2-1/2

[Event "Oberliga Wuerttemberg 0203"]
[Site "Wuerttemberg"]
[Date "2002.10.13"]
[Round "1"]
[White "Raff, Andreas"]
[Black "Koppenhoefer, Bernhard"]
[Result "1/2-1/2"]
[WhiteElo "2104"]
[BlackElo "2008"]
[PlyCount "168"]
[EventDate "2002.10.13"]
[EventType "team-tourn"]
[EventRounds "9"]
[EventCountry "GER"]
[SourceTitle "EXT 2019"]
[Source "ChessBase"]
[SourceDate "2018.10.10"]
[SourceVersion "1"]
[SourceVersionDate "2018.10.10"]
[SourceQuality "1"]
[WhiteTeam "Marbach"]
[BlackTeam "Tuebingen"]
[WhiteTeamCountry "GER"]
[BlackTeamCountry "GER"]

1. e4 c5 2. Nf3 d6 3. Bb5+ Nc6 4. d4 cxd4 5. Nxd4 Qc7 6. c4 Nf6 7. Nc3 Bd7 8. Bg5 e6 9. 0-0 Be7 10. Rc1 a6 11. Ba4 Rc8 12. b3 0-0 13. Nxc6 Bxc6 14. Bxc6 Qxc6 15. Qe2 Rfd8 16. f4 Rd7 17. e5 Qc5+ 18. Kh1 dxe5 19. fxe5 Ne8 20. Bf4 Rcd8 21. Ne4 Qd4 22. Bg3 Qd3 23. Qxd3 Rxd3 24. Rce1 Bb4 25. Re2 Rd1 26. Kg1 f5 27. Nd6 Bc5+ 28. Bf2 Bxf2+ 29. Kxf2 Rxf1+ 30. Kxf1 Nxd6 31. exd6 Rxd6 32. c5 Rd1+ 33. Kf2 Kf7 34. Rc2 Ke7 35. Ke2 Rg1 36. Kf2 Ra1 37. Rd2 Rc1 38. b4 Rb1 39. a3 Rb3 40. Ra2 Rd3 41. Ke2 Rd4 42. Rb2 Kd7 43. b5 a5 44. Rc2 g5 45. c6+ bxc6 46. Rxc6 Rd5 47. Rb6 h5 48. Rb7+ Kd6 49. b6 Rb5 50. Rb8 Kc6 51. Rh8 Rxb6 52. Rxh5 Rb2+ 53. Kf1 g4 54. Rh6 Kd5 55. h3 gxh3 56. Rxh3 e5 57. Rd3+ Ke4 58. Rc3 Kd4 59. Rf3 f4 60. g3 fxg3 61. Rxg3 a4 62. Rg4+ e4 63. Rg8 Rb3 64. Ke2 Rb2+ 65. Ke1 Kd3 66. Rd8+ Ke3 67. Kd1 Rb3 68. Rh8 Kf2 69. Re8 Rd3+ 70. Kc2 Ke3 71. Rh8 Kf2 72. Re8 Re3 73. Kd2 Re2+ 74. Kc3 e3 75. Rf8+ Ke1 76. Rf3 Kd1 77. Kd3 Rd2+ 78. Kxe3 Rb2 79. Kd4 Kc2 80. Rc3+ Kb1 81. Rc4 Ka2 82. Rxa4 Rb3 83. Ra8 Rxa3 84. Rxa3+ Kxa3 1/2-1/2